000 01180cam a2200289 a 4500
003 EG-GiCUC
005 20250223030627.0
008 120527s1988 ua h f m 000 0 eng d
040 _aEG-GiCUC
_beng
_cEG-GiCUC
041 0 _aeng
049 _aGift
097 _aM.Sc
099 _aCai01.34.M.Sc.1988.Ma.T
100 0 _aMagida Costantin Ibrahim
245 1 0 _aTaxonomic studies on some taxa of rosales ( leguminosae - papilionoideae ) in Egypt /
_cMagida Costantin Ibrahim ; Supervised S. F. Khalifa , M. Saad
246 1 5 _aدراسة تصنيفية على بعض الوحدات التصنيفية من رتبة الوريدات ( القرنية - الفراشية ) فى مصر
260 _aCairo :
_bMagida Costantin Ibrahim ,
_c1988
300 _a274Leaves :
_bfacsimiles ;
_c30cm
500 _aGift from Prof. Kamal Hassan Batanouny -
502 _aThesis (M.Sc.) - Ain Shams University - Faculty of Science - Department of Botany ( Microbiology )
700 0 _aM. Saad ,
_eSupervisor
700 0 _aS. F. Khalifa ,
_eSupervisor
856 _uhttp://172.23.153.220/th.pdf
905 _aFatma
_eCataloger
905 _aNazla
_eRevisor
942 _2ddc
_cTH
999 _c38652
_d38652